000 00532nam a2200169 i 4500
001 85033
003 ES-MaACL
005 20230906175153.0
007 t|
008 041125s1912 fr ||||1| fre d
100 1 _aJèze, Gaston (
_d1869-1953)
_9154478
245 1 0 _aCours elementaire de Science des Finances et de legislation financiere française /
_cpar Gaston Jeze.
250 _a5éme ed.
260 _a[S.l. :
_bs.n.,
_c1912] (
_eLaval :
_fL. Barnéoud)
300 _aXXXVIII, 1133 p. ;
_c22 cm.
852 _aES-MaACL
_jF-3441
999 _c85033
_d85033